University Home | Library Home | Institutional Repository

An introduction to classical dynamics / (Record no. 186725)

MARC details
000 -LEADER
fixed length control field 00713cam1a220022900 4500
001 - CONTROL NUMBER
control field lce01025222
008 - FIXED-LENGTH DATA ELEMENTS--GENERAL INFORMATION
fixed length control field 750725s1976 nyua b 001 0 eng
010 ## - LIBRARY OF CONGRESS CONTROL NUMBER
LC control number 75023472
020 ## - INTERNATIONAL STANDARD BOOK NUMBER
International Standard Book Number 0471817562
035 ## - SYSTEM CONTROL NUMBER
System control number (Sirsi) r26543
035 ## - SYSTEM CONTROL NUMBER
System control number (DLC) 75023472
035 ## - SYSTEM CONTROL NUMBER
System control number (UPRA)lce01025222
050 0# - LIBRARY OF CONGRESS CALL NUMBER
Classification number QA845
Item number .S73 1976
082 ## - DEWEY DECIMAL CLASSIFICATION NUMBER
Classification number 531/.11
100 1# - MAIN ENTRY--PERSONAL NAME
Personal name Sposito, Garrison, 1939-
Dates associated with a name Sposito, Garrison, 1939-
Linkage A69348.1
245 13 - TITLE STATEMENT
Title An introduction to classical dynamics /
Statement of responsibility, etc. Garrison Sposito.
260 ## - PUBLICATION, DISTRIBUTION, ETC.
Place of publication, distribution, etc. New York :
Name of publisher, distributor, etc. Wiley,
Date of publication, distribution, etc. [1976]
504 ## - BIBLIOGRAPHY, ETC. NOTE
Bibliography, etc. note Includes bibliographical references and index.
650 #0 - SUBJECT ADDED ENTRY--TOPICAL TERM
Topical term or geographic name entry element Dynamics.
Linkage S12792.1
949 ## - LOCAL PROCESSING INFORMATION (OCLC)
a QA845
w lcc
i -27343
m MAIN
t BOOK
l ON-SHELF

No items available.

© 2026 - The University of Zambia Library - Koha v25.11